000 00623nam a2200181Ia 4500
005 20250508163349.0
008 008 250505s9999 xx 000 0 eng d
037 _aBooks to be hide in OPAC
040 _aFEDL
_beng
_cFEDL
041 _aeng
_2eng
084 _a377.97, HAM/O
_qFEDL
245 0 _aEducational survey report on Muslim-managed schools and colleges in India with special emphasis on science education
245 0 _cHAMDARD EDUCATION SOCIETY
260 _aNew Delhi, India
_bHamdard Education Society
_c1983
300 _axxiv,226p
942 _cHB
_h377.97, HAM/O
999 _c1382574
_d1382574